Mayores beneficiarios de ayuda extranjera - Estadísticas

Estadísticas generales
  • Esta prueba ha sido intentada 1.719 veces
  • La puntuación promedio es 12 de 20
Estadísticas de respuestas
$ Recibidos País % Correcto
8.227 M Siria
75%
3.250 M R.D. Congo
74%
28.732 M Ucrania
74%
2.831 M India
70%
4.443 M Nigeria
68%
4.926 M Etiopía
64%
3.893 M Afganistán
62%
2.035 M Níger
60%
2.652 M Kenia
59%
2.077 M Sudán del Sur
56%
5.817 M Egipto
54%
3.637 M Yemen
54%
1.883 M Colombia
53%
2.662 M Tanzania
53%
1.938 M Somalia
52%
2.559 M Mozambique
50%
5.193 M Bangladés
49%
2.114 M Uganda
49%
1.986 M Jordania
46%
1.974 M Costa de Marfil
38%
No se encontraron pruebas coincidentes
Distribución de puntuación
Porcentaje de gente con cada puntuación
Porcentaje por número respondido
Historial de tus puntuaciones
No has intentado esta prueba.